000 00399nac a22001691ca4500
001 a02386
008 170707s1922 gw |||| 000u eng d
041 _aeng
100 1 _aRosen, Baron
245 0 0 _aForty Years of Diplomacy
264 _aLondon :
_bGeorge Allen & Unwin,
_c1922
300 _a2 Bände, 315, 309 S.
942 _cMG
040 _cRU-10907106
003 RU-10907106
999 _c46208
_d46208